000 00945nam a22003017a 4500
003 CHAP
005 20220817042404.0
008 971013s r 00010 d
010 _a43208
011 _a44180
035 _a48318
040 _cCHAP
082 _a330.972
_bM45
110 _aMéxico. Secretaría de la Economía Nacional
_977190
245 _aMemoria, 19 -
260 _aMéxico, D.F. :
_bLa Secretaría,
_c19 -
300 _av
500 _aLa biblioteca tiene: 1943/44, 1944/45, 1945/46, 1950/51, 1958
590 _aBATCH-UPD
_b10
_c20130110
_lUCH01
_h1236
590 _aBATCH-UPD
_b10
_c20130410
_lUCH01
_h0804
590 _aBATCH-UPD
_b10
_c20130914
_lUCH01
_h1823
590 _aCONVERSION
_b10
_c20130109
_lUCH01
_h1324
650 1 4 _aMéxico
_xCondiciones económicas.
650 1 4 _aPolítica económica
_zMéxico.
_990535
901 _aBK
942 _cLIBRO
949 _a330.972 M45
_bBC
_cBPP
_d-109533
_eBPP
_f1958
_i48318
_si
999 _c43208
_d43208